Top 50 Baby Boy Names Beginning with W - Statistics

General Stats
  • This quiz has been taken 432 times
  • The average score is 22 of 50
Answer Stats
Hint Answer % Correct
20 Will
99%
1 William
99%
21 Wes
80%
38 Wynn
80%
7 Walter
74%
34 West
74%
22 Willie
74%
9 Warren
72%
50 Weslee
71%
3 Wesley
71%
33 Westen
63%
16 Westin
63%
5 Weston
63%
26 Westyn
63%
2 Wyatt
63%
17 Wayne
62%
10 Winston
62%
8 Wade
61%
14 Wilson
60%
41 Wali
53%
19 Wallace
51%
45 Waylan
46%
29 Waylen
46%
4 Waylon
46%
6 Walker
42%
39 Willis
39%
25 Wren
37%
13 Watson
34%
46 Ward
32%
23 Wiley
31%
32 Wylie
31%
42 Winter
29%
28 Warner
26%
15 Westley
23%
12 Wells
21%
11 Wilder
20%
24 Wylder
20%
37 Wendell
19%
40 Willem
18%
35 Wolf
18%
44 Wolfe
18%
47 Walden
17%
31 Woodrow
15%
36 Wilmer
14%
49 Wellington
12%
48 Willard
11%
27 Wolfgang
9%
18 Wesson
8%
43 Whitaker
6%
30 Witten
2%
No matching quizzes found
Score Distribution
Percent of People with Each Score
Percentile by Number Answered
Your Score History
You have not taken this quiz